Cooperation of Small and Medium Businesses as Precondition of Competitive Advantage of Enterprises bakalárska práca

Saved in:
Bibliographic Details
Main Author: Kožíšková, Silvia
Corporate Author: Fakulta podnikového manažmentu EU. Katedra podnikovohospodárska
Other Authors: Gajdová, Denisa, 1977-
Format: Book
Language:English
Published: Bratislava 2022
Tags: Add Tag
No Tags, Be the first to tag this record!

MARC

LEADER 00000nbm a2200000 4500
001 0285412
005 20230313103716.3
041 0 |a eng 
044 |a SK 
245 1 0 |a Cooperation of Small and Medium Businesses as Precondition of Competitive Advantage of Enterprises  |b bakalárska práca  |c Silvia Kožíšková ; školiteľ: Denisa Gajdová 
264 1 |a Bratislava  |c 2022 
300 |a 49 s. 
100 1 |a Kožíšková, Silvia 
700 1 |a Gajdová, Denisa, 1977- 
710 2 |a Fakulta podnikového manažmentu EU. Katedra podnikovohospodárska